Top 5 strzelców ekstraklasy z każdego sezonu w XXI wieku. - Statystyki

Ogólne statystyki
  • Ten quiz został rozwiązany 159 razy
  • Średni wynik to 40 z 95
Statystyki odpowiedzi
Sezon Klub Odpowiedź % Poprawnych
2018/2019 Górnik Zabrze Igor Angulo
87%
Górnik Zabrze Igor Angulo
87%
Śląsk Wrocław Marcin Robak
82%
Śląsk Wrocław Marcin Robak
82%
2016/2017 Lech Poznań Marcin Robak
82%
2013/2014 Pogoń Szczecin Marcin Robak
82%
2009/2010 Lech Poznań Robert Lewandowski
82%
Lech Poznań Robert Lewandowski
82%
Lechia Gdańsk Flavio Paixao
79%
Śląsk Wrocław Flavio Paixao
79%
Lechia Gdańsk Marco Paixao
79%
Śląsk Wrocław Marco Paixao
79%
Wisła Kraków Paweł Brożek
78%
Wisła Kraków Paweł Brożek
78%
Wisła Kraków Paweł Brożek
78%
Wisła Kraków Paweł Brożek
78%
2008/2009 Wisła Kraków Paweł Brożek
78%
2007/2008 Wisła Kraków Paweł Brożek
78%
Wisła Kraków Paweł Brożek
78%
Jagiellonia Tomasz Frankowski
78%
2010/2011 Jagiellonia Tomasz Frankowski
78%
Jagiellonia Tomasz Frankowski
78%
2004/2005 Wisła Kraków Tomasz Frankowski
78%
Wisła Kraków Tomasz Frankowski
78%
Wisła Kraków Tomasz Frankowski
78%
2000/2001 Wisła Kraków Tomasz Frankowski
78%
Legia Warszawa Carlitos
73%
2017/2018 Wisła Kraków Carlitos
73%
Wisła Kraków Maciej Żurawski
67%
2003/2004 Wisła Kraków Maciej Żurawski
67%
Wisła Kraków Maciej Żurawski
67%
2001/2002 Wisła Kraków Maciej Żurawski
67%
Wisła Kraków / Jagiellonia Jesus Imaz
66%
Cracovia Krzysztof Piątek
64%
Lech Poznań Christian Gytkjaer
59%
2011/2012 Lech Poznań Artjoms Rudnevs
57%
Lech Poznań Artjoms Rudnevs
57%
Lech Poznań Łukasz Teodorczyk
49%
2012/2013 Podbeskidzie Robert Demjan
48%
Ruch Chorzów Arkadiusz Piech
47%
2014/2015 Piast Gliwice Kamil Wilczek
47%
2006/2007 Lech Poznań Piotr Reiss
45%
Lech Poznań Piotr Reiss
45%
Legia Warszawa Danijel Ljuboja
44%
Legia Warszawa Danijel Ljuboja
44%
Legia Warszawa Marek Saganowski
41%
Legia Warszawa Marek Saganowski
41%
Legia Warszawa Takesure Chinyama
41%
Legia Warszawa Takesure Chinyama
41%
Ruch Chorzów Artur Sobiech
37%
Ruch Chorzów Mariusz Stępinski
34%
2015/2016 Legia Warszawa Nemanja Nikolics
32%
2005/2006 Korona Kielce Grzegorz Piechna
30%
Korona Kielce Andrzej Niedzielan
28%
Górnik Zabrze / Grodzisk Andrzej Niedzielan
28%
Wisła Kraków Rafał Boguski
27%
Wisła Płock Ireneusz Jeleń
26%
Wisła Płock Ireneusz Jeleń
26%
GKS Bełchatów Dawid Nowak
25%
2002/2003 Legia Warszawa Stanko Svitlica
24%
Lech Poznań Hernán Rengifo
21%
Zagłebie Lubin Łukasz Piszczek
20%
Lech Poznań Bartosz Slusarski
19%
Widzew / Legia Piotr Włodarczyk
19%
Polonia / Legia Vladimer Dvalishvili
19%
Lechia Gdańsk Abdou Traore
16%
Dyskobolia Grodzisk Wielkopolski Adrian Sikora
16%
Dyskobolia Grodzisk Wielkopolski Adrian Sikora
16%
Legia Warszawa Marcin Mięciel
16%
Wisła Kraków Marcin Kuźba
15%
Jagiellonia Konstantin Vassiljev
14%
Jagiellonia Dani Quintana
13%
Wisła Kraków Marek Zienczuk
13%
Cracovia Deniss Rakels
12%
Jagiellonia Mateusz Piątkowski
12%
Jagiellonia Patryk Tuszyński
12%
Korona Kielce Airam Cabrera
11%
Zagłebie Lubin Michal Chalbinski
11%
Zagłebie Lubin Michal Chalbinski
11%
Legia Warszawa Cezary Kucharski
10%
Widzew Łódź Darvydas Sernas
9%
Zagłebie Lubin Michal Papadopulos
9%
Lech Poznań / Korona Kielce Krzysztof Gajtkowski
8%
Ruch Chorzów Mariusz Śrutwa
7%
Wisła Kraków Olgierd Moskalewicz
5%
Polonia Warszawa Edgar Cani
4%
Pogoń Szczecin Grzegorz Mielcarski
4%
Zagłebie Lubin Iliyan Mitsanski
4%
Odra Wodzisław Śląski Łukasz Sosin
4%
Cracovia Piotr Bania
4%
Cracovia Tomasz Moskala
4%
Polonia Warszawa Filip Ivanovski
3%
Jagiellonia Fedor Chernykh
2%
Legia Warszawa Giuliano
2%
Odra Wodzisław Śląski Jacek Ziarkowski
2%
Nie znaleziono quizów pasujących do podanych kryteriów
Rozkład punktacji
Procent ludzi z każdym wynikiem
Percentyl według liczby udzielonych odpowiedzi
Twoja historia wyników
Nie rozwiązałeś tego quizu